| 000 | 00754nam a2200217Ia 4500 | ||
|---|---|---|---|
| 008 | 130821s2000 xxu gs spa | ||
| 040 |
_aCo-BoUCM _bspa |
||
| 041 | 0 | 0 | _aspa |
| 092 | _aCV 0628 | ||
| 092 | _aDVD 0971 | ||
| 110 | 2 | _aCoastal International | |
| 245 | 1 | 0 |
_aTienes un momento? _c[videograbación] _cCoastal International |
| 260 |
_aRichmond (Virginia, Estados Unidos) _bCoastal _c2000 |
||
| 300 |
_a1 videocasette vhs [25 min] _e1 DVD |
||
| 490 | _aPrograma de entretenimiento en videos | ||
| 650 | 0 | 4 |
_aAdministración de empresas _9435 |
| 650 | 0 | 4 |
_aAdministración de personal _98562 |
| 650 | 0 | 4 |
_aComunicación en administración de personal _911354 |
| 650 | 0 | 4 |
_aComunicación organizacional _911385 |
| 942 |
_cMULTIMEDIA _2LOCAL _a16 _e1 |
||
| 999 |
_c34743 _d34743 |
||